Ascorbate biosynthesis and function in photoprotection (Record no. 45909)

MARC details
000 -LEADER
fixed length control field 00551nam a2200169Ia 4500
100 ## - MAIN ENTRY--AUTHOR NAME
Personal name Smirnoff Nicholas
245 #0 - TITLE STATEMENT
Title Ascorbate biosynthesis and function in photoprotection
260 ## - PUBLICATION, DISTRIBUTION, ETC. (IMPRINT)
Name of publisher Physiological Transactions of the Royal Society Series B
Year of publication 2000
300 ## - PHYSICAL DESCRIPTION
Number of Pages 1455-1464
650 ## - SUBJECT ADDED ENTRY--TOPICAL TERM
Topical Term Arabidopsis thaliana vtc mutants
650 ## - SUBJECT ADDED ENTRY--TOPICAL TERM
Topical Term Chlorophyll fluorescence
650 ## - SUBJECT ADDED ENTRY--TOPICAL TERM
Topical Term L-galactono-1,4-lactone dehydrogenase
650 ## - SUBJECT ADDED ENTRY--TOPICAL TERM
Topical Term Non-photochemical quenching
650 ## - SUBJECT ADDED ENTRY--TOPICAL TERM
Topical Term Vitamin C
942 ## - ADDED ENTRY ELEMENTS (KOHA)
Koha item type Reprints
Holdings
Withdrawn status Lost status Damaged status Not for loan Home library Current library Date acquired Serial Enumeration / chronology Accession Number Koha item type
      Reprints RRII Library RRII Library 22/12/2021 Volume 355, Issue P1551 Reprints